Florina Ilis rumunský román I. diel
| Main Authors: | , |
|---|---|
| Other Authors: | , |
| Format: | Book |
| Language: | Slovak Romanian, Moldovan Japanese |
| PhysicalDescription: | 299 strán 21 cm |
| Published: |
V Bratislave
Univerzita Komenského v Bratislave
2022
|
| ISBN: | 9788022354332 |
| Edition: | Prvé vydanie |
| Subjects: |
MARC
| LEADER | 00000nam a2200000 4500 | ||
|---|---|---|---|
| 001 | vtls012253195 | ||
| 003 | SK-MaSNL | ||
| 005 | 20260409152223.0 | ||
| 008 | 240320s2022 xo g n 000 m slo | ||
| 015 | |a SNBA2024/07 | ||
| 020 | |a 9788022354332 |q (brožované) | ||
| 040 | |a SNK |b slo |c SNK |e rda | ||
| 041 | 0 | |a slo |a rum |a jpn | |
| 044 | |a xo |c SK | ||
| 072 | 7 | |a 821.13.09 |x Románske literatúry (o nich) |2 konspekt | |
| 080 | |a 821.135.1-32 |2 2011 | ||
| 080 | |a 821.135.1 |2 2011 | ||
| 080 | |a 821.135.1-055.2 |2 2011 | ||
| 080 | |a 82.02/.09 |2 2011 | ||
| 080 | |a 82-1/-9 |2 2011 | ||
| 080 | |a (048.8) |2 2011 | ||
| 100 | 1 | |a Donková, Klaudia, |d 1994- |4 aut |9 448172 | |
| 245 | 1 | 0 | |a Florina Ilis |b rumunský román |n I. diel |c Klaudia Donková, Márius Miheţ |
| 246 | 3 | 1 | |a Florina Ilis |b romanul contemporan |n Volumul I |
| 246 | 1 | |i Obálkový podnázov: |a Rumunský román 1 | |
| 250 | |a Prvé vydanie | ||
| 264 | 1 | |a V Bratislave |b Univerzita Komenského v Bratislave |c 2022 | |
| 300 | |a 299 strán |c 21 cm | ||
| 336 | |a text |b txt |2 rdacontent | ||
| 337 | |a bez média |b n |2 rdamedia | ||
| 338 | |a zväzok |b nc |2 rdacarrier | ||
| 366 | |e 120 kusov | ||
| 500 | |a Na titulnom liste nad názvom: Filozofická fakulta Univerzity Komenského v Bratislave | ||
| 500 | |a Obsahuje poznámky pod čiarou | ||
| 504 | |a Obsahuje bibliografiu na strane 272-298 a bibliografické odkazy | ||
| 546 | |a Súbežný názov z rumunčine, text v rumunčine a slovenčine, čiastočný text v japončine | ||
| 600 | 1 | 7 | |a Ilis, Florina, |d 1968- |2 SNKMA |9 448171 |
| 650 | 0 | 7 | |a rumunské romány |2 SNKPH |9 246087 |
| 650 | 0 | 7 | |a rumunská literatúra |2 SNKPH |9 1203 |
| 650 | 0 | 7 | |a rumunské spisovateľky |2 SNKPH |9 151939 |
| 650 | 0 | 7 | |a interpretácia a prijatie literárneho diela |2 SNKPH |9 87159 |
| 650 | 0 | 7 | |a umelecká literatúra |2 SNKPH |9 1488 |
| 650 | 0 | 7 | |a Romanian literature |2 SNKPHeng |9 290762 |
| 650 | 0 | 7 | |a Romanian women authors |2 SNKPHeng |9 538958 |
| 650 | 0 | 7 | |a Interpretation and reception of literature |2 SNKPHeng |9 285463 |
| 650 | 0 | 7 | |a Belles-lettres |2 SNKPHeng |9 303507 |
| 655 | 7 | |a rumunské romány |2 SNKPH |9 76088 | |
| 655 | 7 | |a štúdie |2 SNKPH |9 57033 | |
| 655 | 7 | |a Romanian fiction |2 SNKPHeng |9 290763 | |
| 655 | 7 | |a Studies |2 SNKPHeng |9 265573 | |
| 700 | 1 | |a Miheţ, Marius, |d 1978- |4 aut |4 bjd |9 415166 | |
| 700 | 1 | |a Nicolau, Felix |4 rev |9 319898 | |
| 700 | 1 | |a Cosma, Iulia |4 rev |9 319886 | |
| 700 | 1 | |a Šokyová, Veronika |4 csl |9 221636 | |
| 710 | 2 | |a Univerzita Komenského v Bratislave. |b Filozofická fakulta |4 pbl | |
| 752 | |a Slovensko |d Bratislava | ||
| 852 | |a Slovenská národná knižnica | ||
| 919 | |a 978-80-223-5433-2 | ||
| 954 | |a odborná, vedecká literatúra pôvodná (slovenská) |2 lita | ||
| 954 | |a odborná, vedecká literatúra cudzojazyčná (svetová) |2 lita | ||
| 958 | |a NB | ||
| 958 | |a LX | ||
| 999 | |c 830639 |d 832569 | ||
| 952 | |a SNK |b SNK |y PREZ |7 0 |p 17A1546569 |o snkSC 206437 |i snk2024/7854 |8 0 |0 0 |1 0 |4 0 |d 2024-05-17 |f 1 |l 0 |r 2025-10-29 00:00:00 |w 2026-02-24 | ||


